000 00436nam a22001457a 4500
020 _a8131702456
040 _cNUST
082 _a670
_bKAL
100 _aSerope Kalpakjian
_9123987
110 _aSteven R. Schmid
_9123988
245 _aManufacturing Processes for Engineering Materials
260 _aUnited States:
_bPearson Education,
_c2007.
650 _aManufacturing Processes for Engineering Materials
_9112408
942 _2ddc
_cBK
999 _c609974
_d609974